000 00764nam a2200205 i 4500
001 141595
003 ES-MaACL
007 t|
008 070925s1936 fr ||||1| fre d
100 1 _aVolterra, Vito.
_9115725
245 1 0 _aThéorie générale des fontionnelles /
_cpar Vito Volterra, Joseph Pérès ; préface de Vito Volterra.
260 _aParis :
_bGauthier-Villars,
_c1936.
300 _a1 v. :
_bil. ;
_c25 cm.
490 1 _aMonographies sur la théorie des fonctions
505 8 _aContiene: T.1º: Généralités sur les fonctionelles: théorie des équations intégrales.
700 1 _aPérés, Joseph.
_990526
830 0 _aMonographies sur la théorie des fonctions
_9181528
852 _aES-MaACL
_jP-882-bis
_bR.25449
999 _c141595
_d141595